| 000 | 00387nam a2200169Ia 4500 | ||
|---|---|---|---|
| 005 | 20250423101748.0 | ||
| 008 | 250422s9999 xx 000 0 und d | ||
| 020 | _a9786053950165 | ||
| 050 | _aHD 37.T9 .Y6/ | ||
| 245 | 0 | _aYönetim bilimi | |
| 260 | _aAnkara | ||
| 260 | _bNobel Yayın Dağıtım | ||
| 260 | _c2007 | ||
| 300 | _a646 p | ||
| 650 | _aYönetim Örgüt | ||
| 942 | _cBK | ||
| 999 |
_c37205 _d37205 |
||